Strategic analysis for venture evaluations : the SAVE approach to business decisions /

Bibliographic Details
Main Author: Park, William R.
Other Authors: Maillie, J. B.
Format: Book
Language:English
Published: New York : Van Nostrand Reinhold, [1982]
Subjects:

MARC

Tag First Indicator Second Indicator Subfields
LEADER 00000pam a2200000 a 4500
001 in00000077719
005 20151008053828.0
008 810212s1982 nyua 00110 eng
010 |a  81001205  
020 |a 0442245076 
035 |a (OCoLC)07283612 
035 |9 AAH8780AM 
039 0 |a 2  |b 3  |c 3  |d 3  |e 3 
040 |a DLC  |c DLC  |d TXA  |d UtOrBLW 
049 |a TXAM  |c [1803376] 
050 0 0 |a HD69.N4  |b P32 
082 0 |a 658.4/06  |2 19 
100 1 |a Park, William R. 
245 1 0 |a Strategic analysis for venture evaluations :  |b the SAVE approach to business decisions /  |c W.R. Park and J.B. Maillie. 
264 1 |a New York :  |b Van Nostrand Reinhold,  |c [1982] 
264 4 |c ©1982 
300 |a xvi, 179 pages :  |b illustrations ;  |c 24 cm. 
336 |a text  |b txt  |2 rdacontent 
337 |a unmediated  |b n  |2 rdamedia 
338 |a volume  |b nc  |2 rdacarrier 
500 |a Includes index. 
650 0 |a New products  |x Evaluation. 
650 0 |a New business enterprises  |x Evaluation. 
700 1 |a Maillie, J. B. 
740 0 |a Venture evaluation. 
999 |a MARS 
999 f f |s d7e85c43-44ee-3e2a-be3f-f1517a2fe415  |i 6f27f801-ffd4-3602-9941-8da378306857  |t 0 
952 f f |p ric  |a Texas A&M University  |b Rellis Campus  |c Joint Library Facility  |d Remote Storage  |t 0  |e HD69.N4 P32  |h Library of Congress classification  |i unmediated -- volume  |m A14806124778 
998 f f |a HD69.N4 P32  |t 0  |l Remote Storage